00840nam a2200229Ia 4500001002200000003000900022008004100031040002300072041001300095100002400108240010300132245003500235250001500270260002300285300001900308490003500327500002600362501012400388520003900512700003500551700002400586220.6-HAR wi nu (593)IT-MiSPE171229s9999||||xx |||||||||||||| ||und|| aIT-MiSPEcIT-MiSPE aITALIANO aWilfrid Harrington  aRecord of Revelation, R. of the Promise, R. of the Fulfillment; Nouvelle introduction à la Bible 0aNuova introduzione alla Bibbia a1a ed. (v) aBolognabEDPc1975 a806 p. c24 cm aLettura pastorale della Bibbia aBibbia - Introduzioni aEdizioni San Paolo srl - Piazza Soncino, 5 - 20092 CINISELLO BALSAMO (MI) (non commercial uses only) ® Copyright 2018 aTeodorico Ballarini (bibl. e rev.) aMario Sangiorgiog(traduzione) aTeodorico Ballarini